|
|
|
|
| LEADER |
00000nam a2200000 a 4500 |
| 003 |
Ucuenca |
| 005 |
20230308185541.0 |
| 008 |
014073|2013 sp |||||r|||||||||||spa|| |
| 020 |
|
|
|a 9788497293358
|
| 040 |
|
|
|b spa
|
| 041 |
0 |
|
|a spa
|
| 082 |
0 |
|
|a 372.86
|
| 245 |
|
|
|a Aprender a aprender con el deporte ¡sitúate!: la esencia del aprendizaje
|c Feliu Funollet i Queixalós, Betlem Gomila i Serra, Eduard Inglés i Yuba y Roser Funollet i Obach
|h imp
|
| 264 |
|
|
|a Barcelona
|b INDE
|c 2013
|
| 300 |
|
|
|a 127 páginas:
|b ilu
|c 24 cm
|
| 504 |
|
|
|a incl. ref.
|
| 505 |
0 |
|
|a Sumario Prólogo. Desde el territorio: Albert Batalla i Siscart. Desde la institución: Agustí Boixeda de Miguel. Desde el aprendizaje: Joan Riera i Riera. Introducción. La obra. La finalidad. Los contenidos. Los autores. El objetivo. ¡Sitúate! 1. El modelo que nos conformó . 2. El acceso al conocimiento. 3. La capacidad de aprender. 4. Los estorbos en el aprendizaje. 5. El cambio de mirada. 6. Los mensajes del cuerpo. 7. La autoestima y la imaginación. 8. Un modelo para aprender 8.1. Aprender a generalizar. 8.2. Aprender en casa. 8.3. Aprender en familia: ¡también con el bebé!. 8.4. Aprender a envejecer estando en forma. Bibliografía. Índice de figuras.
|
| 520 |
3 |
|
|a Aprender a Aprender significa revivir la esencia misma del aprendizaje humano. Propone un cambio de mirada hacia un nuevo modelo de iniciación deportiva que permita integrar a los propios del aprendizaje, aspectos tales como emoción, escucha corporal, autoestima, imaginación, intuición y atención. Este nuevo enfoque, posibilita también una generalización posible del modelo a otros deportes. La estructura de aprendizaje que se propone en el libro Aprender a Aprender, es fruto de una larga experiencia de los autores en el arte de aprender y dirigir aprendizajes deportivos. La intención de la obra es la de mejorar los modelos que sirvieron a la hora de iniciarse en una práctica deportiva y, aunque está enfocada a la iniciación deportiva de los deportes en la nieve, es extrapolable en su metodología para otras facetas de la vida cotidiana.
|
| 650 |
|
0 |
|a Educación física
|9 15030
|
| 650 |
|
|
|a Enseñanza deportiva
|9 118661
|
| 650 |
|
|
|a Aprendizaje deportivo
|9 118672
|
| 650 |
|
7 |
|a Políticas deportivas
|9 31067
|
| 700 |
1 |
|
|a Funollet i Queixalós, Feliu
|9 118673
|
| 700 |
1 |
|
|a Gomila i Serra, Betlem
|9 118674
|
| 700 |
1 |
|
|a Inglés i Yuba, Eduard
|9 118675
|
| 852 |
|
|
|a UC-CDJBV
|f Compra
|l 1
|m General
|p 20140731
|q 38.00
|r 2
|t 111890
|w Cultura Física
|y 289337
|b 0
|d CDRC
|e CDRC
|g 372.86 TERCER PISO
|z 2014-40-73
|
| 856 |
|
|
|a http://sibuc.ucuenca.edu.ec/portada/111890.jpg
|
| 942 |
|
|
|c BK
|
| 999 |
|
|
|c 69809
|d 69809
|